书目信息 |
| 题名: |
《装配式住宅建筑设计标准》图示
|
|
| 作者: | ;中国建筑标准设计研究院公司 主编 | |
| 分册: | ||
| 出版信息: | 北京 中国计划出版社 2018.08 |
|
| 页数: | 64页 | |
| 开本: | 18cm | |
| 丛书名: | ||
| 单 册: | ||
| 中图分类: | 215.021.704 , TU206 | |
| 科图分类: | ||
| 主题词: | 建筑设计 | |
| 电子资源: | ||
| ISBN: | 978-7-5182-0927-9 | |
| 000 | 00762nam0 2200205 450 | |
| 001 | 2031826243 | |
| 005 | 20201103163720.73 | |
| 010 | @a978-7-5182-0927-9@dCNY49.00 | |
| 100 | @a20201103d2018 km y0chiy0120 ea | |
| 101 | 0 | @achi |
| 102 | @aCN@b110000 | |
| 200 | 1 | @a《装配式住宅建筑设计标准》图示@A《zhuang pei shi zhu zhai jian zhu she ji biao zhun》tu shi@f中国建筑标准设计研究院公司主编@Fzhong guo jian zhu biao zhun she ji yan jiu yuan gong si zhu bian |
| 210 | @a北京@c中国计划出版社@d2018.08 | |
| 215 | @a64页@d18cm | |
| 606 | 0 | @a建筑设计 |
| 690 | @a215.021.704@v4 | |
| 690 | @aTU206@v4 | |
| 711 | 02 | @a中国建筑标准设计研究院公司@Azhong guo jian zhu biao zhun she ji yan jiu yuan gong si@4主编 |
| 801 | 0 | @aCN@bMUSE@c20201103 |
| 905 | @aMUSE@dTU206@eZ56777 | |
| 《装配式住宅建筑设计标准》图示/中国建筑标准设计研究院公司主编.-北京:中国计划出版社,2018.08 |
| 64页;18cm |
| ISBN 978-7-5182-0927-9:CNY49.00 |
| ● |
| 相关链接 |
|
|
|
正题名:《装配式住宅建筑设计标准》图示
索取号:TU206/Z56777
 
预约/预借
| 序号 | 登录号 | 条形码 | 馆藏地/架位号 | 状态 | 备注 |
| 1 | 1502170 | 215021704 | 管理学院资料室/ [索取号:TU206/Z56777] | 在馆 |